| 000 | 00787cam a2200181 4500 | ||
|---|---|---|---|
| 001 | WB3844-06 | ||
| 008 | 021128n2002 000 0 eng u | ||
| 035 | _a(Sirsi) u120615 | ||
| 245 | _aNeighbours urged to make peace over hedges | ||
| 260 | _c2002 | ||
| 490 |
_aODPM News Release _v (137) 28 November 2002, (2) |
||
| 520 | _aRegeneration minister has launched new leaflet to encourage neighbours to try to settle high hedge disputes amicably. "Over the garden hedge" aims to advise people on stages involved to avoid conflict. Copies of leaflet from t +44 (0)870 1226236 or www.urban.odpm.gov.uk/greenspace/trees/overgh/index.htm www.odpm.gov.uk/news/0211/0137.htm | ||
| 590 | _aWB | ||
| 650 | _aHEDGES | ||
| 650 | _aGARDENS | ||
| 690 |
_aDispute resolution _96236 |
||
| 942 | _n0 | ||
| 999 |
_c71670 _d71670 |
||